| 000 | 00377pam a2200157a 44500 | ||
|---|---|---|---|
| 008 | 230515b2014 xxu||||| |||| 00| 0 eng d | ||
| 020 | _a81-239-1187-4 | ||
| 041 | _aENGLISH | ||
| 082 | _a616.96 | ||
| 100 | _aARORA D R | ||
| 245 | _aMEDICAL PARASITOLOGY. | ||
| 250 | _a2ND | ||
| 260 |
_aNULL _bCBS PUBLISHER AND DISTRIBUTORS _c2014 |
||
| 300 | _a284 | ||
| 650 | _aPHYSIOLOGY | ||
| 999 |
_c556606 _d556606 |
||